The Richmond news leader

Detalles Bibliográficos
Nuevo Título:Richmond times-dispatch
Título anterior:News leader (Richmond, Va.)
Formato: Electrónico Periódico
Lenguaje:inglés
Publicado: Richmond, Va. : John S. Bryan, 1925-1992.
Materias:
Acceso en línea:Full text available from Research Library: 01/01/1992 to 05/29/1992

MARC

LEADER 00000nas a2200000 a 4500
001 ssj0022800
003 WaSeSS
005 20200512172242.0
006 m d
007 cr n
008 830425d19251992vaudn nes 0 0eng c
010 |a sn 83045370  
035 |a (WaSeSS)ssj0022800 
040 |a CRL  |b eng  |c CRL  |d NPW  |d DLC  |d NLG  |d KNP  |d EBZ  |d MGN  |d CRL  |d NVK  |d DLC  |d OCLCQ  |d OCLCF  |d OCLCO  |d VPI  |d OCLCQ  |d WaSeSS 
042 |a pcc 
043 |a n-us-va 
245 0 4 |a The Richmond news leader  |h [electronic resource]. 
246 1 3 |a News leader 
260 |a Richmond, Va. :  |b John S. Bryan,  |c 1925-1992. 
310 |a Daily (except Sunday) 
362 0 |a No. 8,587 (Jan. 10, 1925)-no. 31,691 (May 30, 1992). 
500 |a Publisher varies: David Tennant Bryan, <1945-1977> ; John Stewart Bryan, III, <1978-1992>. 
506 |a License restrictions may limit access. 
525 |a Issued a Civil War Centennial Supplement on alternate Saturdays, Apr. 8-Nov. 18, 1961, called: The Richmond Journal, which contained news reprints from 1861. 
651 0 |a Richmond (Va.)  |v Newspapers. 
651 7 |a Virginia  |z Richmond.  |2 fast  |0 (OCoLC)fst01205345 
655 0 |a Electronic journals. 
752 |a United States  |b Virginia  |d Richmond. 
780 0 0 |t News leader (Richmond, Va.)  |w (DLC)sn 85038622 
785 0 4 |t Richmond times-dispatch  |w (DLC)sn 83045389 
856 4 0 |z Full text available from Research Library: 01/01/1992 to 05/29/1992  |u https://search.proquest.com/publication/45121